Polinización y fecundación en fruticultura : las principales formas de esterilidad en : cerezos, ciruelos, melocotoneros, albaricoqueros, perales y manzanos las principales formas de esterilidad en :
Descripción Física:
62 p. : il. ; 21 cm
Materias:
Arbres fruiters
MARC
| LEADER | 00000nam a2200000Ia 4500 | ||
|---|---|---|---|
| 001 | 8833 | ||
| 008 | 160829s1946 xx 000 0 cat d | ||
| 080 | |a C-1-504 | ||
| 245 | |a Polinización y fecundación en fruticultura : |b las principales formas de esterilidad en : |b cerezos, ciruelos, melocotoneros, albaricoqueros, perales y manzanos | ||
| 260 | |a Barcelona : |b Diputación Provincial de Barcelona, Servicios Técnicos de Agricultura, |c 1946 | ||
| 300 | |a 62 p. : |b il. ; |c 21 cm | ||
| 490 | |a Publicaciones divulgadoras de los Servicios Técnicos de Agricultura ; 11 | ||
| 650 | |a Arbres fruiters |9 25209 | ||
| 710 | 1 | |a Barcelona (Catalunya : Província). |b Servicios Técnicos de Agricultura |9 54614 | |
| 901 | |a Arxiu | ||
| 942 | |n 1 | ||
| 952 | |0 0 |1 0 |4 0 |6 C1504 |7 1 |9 41414 |a Arxiu |b Arxiu |d 2016-12-01 |l 0 |o C-1-504 |p 8833 |r 2016-12-01 00:00:00 |w 2016-12-01 |y ARXIU | ||
| 999 | |c 43221 |d 43221 | ||